000 00286 a2200121 4500
005 20250628171141.0
020 _a978 1847106384
100 _aACCA
245 _aManaging People and Systems
260 _aBritain
_bKaplan
_c2008
300 _axiv, 186p.: ill; Table
_c29cm
942 _2ddc
_cBKS
999 _c6135
_d6135